Регионална библиотека "Любен Каравелов" - Русе

Сборник на окръжни писма издадени от отделението на държавната и общественна отчетност при министерството на финансите през 1889 (Запис номер 407142)

MARC детайли
000 -Лидер
Контролно поле с фиксирана дължина nam a22 a 4500
003 - Код на организацията, давaща контролен номер
Контролно поле BLK
005 - Дата и час на последна редакция
Контролно поле 20210623113155.0
008 - Елементи от данни с фиксирана дължина
fixed length control field 210409b bu |||||r|||| 00| 0 bu d
040 ## - Източник на каталожния запис
Идентификатор на билиотеката - собственик на записа BLK
041 ## - Код за език
Код за езика на текст/звукозапис или на отделно заглавие Български
Код за езика КДБФ Български
080 ## - УДК
Текстов определител УДК Данъци. Такси. Налози
УДК код - определител по УДК 336.2
УДК определител (497.2)
УДК - код + определител 336.2(497.2)
110 ## - Редна дума - колетивен орган
9 (RLIN) 244857
Редна дума - наименование на организация или юридическо лице България. Министерство на финансите
139 ## - Редно поле
Редна дума България. Министерство на финансите
245 ## - Сведения за заглавието
Заглавие Сборник на окръжни писма издадени от отделението на държавната и общественна отчетност при министерството на финансите през 1889
Подзаглавни данни официално издание
260 ## - Област на издателските данни
9 (RLIN) 405603
Място на издаване, разпространение и проч. София
Име на издателя, разпространителя и проч. Държавна печатница
Година на издаване 1890
300 ## - Физическа характеристика
Страници 133с.
Размери/Мащаб 23 см
380 ## - Жанр
Жанр Обществени науки
490 ## - СЕРИИ (Колекции)
9 (RLIN) 435080
Име на серия Колекция Редки и ценни издания
650 #0 - Допълнително описание по предмет – тема
9 (RLIN) 447437
Основно описание – тема или топоним Министерство на финансите
653 #7 - Ключова дума – ненормативна
9 (RLIN) 199346
Ключова дума финанси
653 #7 - Ключова дума – ненормативна
9 (RLIN) 191079
Ключова дума Министерство на финансите
852 ## - Местоположение
Форматна сигнатура Рб 890
Фондова буква Редки и ценни
999 ## - СИСТЕМНИ КОНТРОЛНИ НОМЕРА
Koha biblionumber 407142
Koha biblioitemnumber 407142
942 ## - АРТИКУЛИ
Вид на библиотечния материал Книги
Скрит в OPAC Не
Периодичен библиозапис Да
944 ## - СЪЗДАВАНЕ И РЕДАКЦИЯ на ЗАПИСА
Създаване/Редакция Създаване
Дата на регистрацията/редакция 2021-04-09
Служител, извършил регистрацията/редакцията Микаела Микова-Илиева
Статус, дата на статуса 2021-04-09
999 ## - СИСТЕМНИ КОНТРОЛНИ НОМЕРА
Koha biblioitemnumber 407142
999 ## - СИСТЕМНИ КОНТРОЛНИ НОМЕРА
Koha biblioitemnumber 407142
999 ## - СИСТЕМНИ КОНТРОЛНИ НОМЕРА
Koha biblioitemnumber 407142
999 ## - СИСТЕМНИ КОНТРОЛНИ НОМЕРА
Koha biblioitemnumber 407142
Наличности
Код за отписване Код за изгубен артикул Източник на класификационната схема Код за повреда Коз за рестрикции Код за отдаване Артикулен № Име на библиотеката - собственик Име на библиотеката, в която се намира в момента Статус (Текущо местоположение) Дата на вписване в системата Местоположение - отдел Цена в лева Инвентарен номер Систематично азбучна сигнатура Баркод Цена в евро Служебен тип на артикула
  Не е изгубен Universal Decimal Classification Не е повреден само за читалня Специални фондове ( старопечатни, редки и ценни, фонд М. Арнаудов) 852647 Регионална библиотека "Любен Каравелов" Русе Регионална библиотека "Любен Каравелов" Русе Редки и ценни 2021-09-17 Редки и ценни 0.10 11720-II Рб 890 900000045164 0.05 Книги
Vip Innovations Ltd, Rousse, Bulgaria 2025